000 00686nam a22002057a 4500
003 BD-DhUL
005 20240428151929.0
008 240424s2024 bg ||||| |||| 00| 0 ben
020 _a9789849789253 (hbk)
040 _aBD-DhUL
_cBD-DhUL
082 _a891.443
_bALJ
100 1 _aআলী, মীর রায়হান
245 0 0 _aজননী ও যুদ্ধ /
_cমীর রায়হান আলী।
260 _aঢাকা :
_bঅন্বয়,
_c২০২৪।
300 _a১০৪ পৃ. ;
_c২২ সেমি.
365 _aBDT
_b300.00
650 4 _aবাংলা উপন্যাস।
650 4 _aBengali fiction.
942 _2ddc
_cBK
999 _c259276
_d259276